000 00819nam a22002537a 4500
003 DO-SdBNP
005 20230131131314.0
007 ta
008 140207s2019 dr ac 000 0 spa d
020 _a9789945804133
040 _aDO-SdBNP
_bspa
_cBNPHU
082 _axxxx
_bB422c
_222
100 1 _aBeiro Álvarez, Luis
_977194
_d1950-
245 1 0 _aCuba y cine /
_cLuis Beiro Álvarez ; prólogo Guillermo Cabrera Infante
260 _aSanto Domingo :
_bUnicornio,
_c2019.
300 _a196 p. ;
_bil.
_c22 cm.
500 _aIncluye datos biográficos del autor en la solapa de la portada.
500 _aIncluye notas a pie de páginas
504 _aBibliografía p: 195-196
590 _aInventariado, 2020 / YL
700 1 2 _aCabrera Infante, Guillermo
_eprol.
_947867
910 _aYlockward
942 _2ddc
_cLBS1
999 _c49106
_d49106